00636 2200229 4500001002100000005001700021008004100038035002400079082001100103090001800114100002000132245007300152260003200225300002600257500002700283650004200310850000900352980001500361985000600376986000900382999001500391YOGYA-0209000006807420090227092031.0 ind  0010-020900000068074 a428.24 a428.24bAmi E aAMINULLAH J., H aEnglish book for beginnersb(reading ang grammar)cby H. Aminullah J aBukittinggibKahanyc[s.a.] a... bookbilusc19 cm aYang diterima : book 3 aBahasa Inggris - Studi dan pengajaran aBPAD a19-11-2008 a1 aRuni ab000049169